Developing vocabulary skills

The revised edition of this vocabulary text continues to teach students to analyze, understand, and remember vocabulary by developing word attack strategies. New readings, collaborative exercises, and contextualized activities enhance the text.

Spremljeno u:
Bibliografski detalji
Glavni autor: Keen, Denis
Format: Knjiga
Jezik:Undetermined
Izdano: Boston, MA. Thomson/Heinle 1994
Teme:
Oznake: Dodaj oznaku
Bez oznaka, Budi prvi tko označuje ovaj zapis!
Thư viện lưu trữ: Trung tâm Học liệu Trường Đại học Cần Thơ
LEADER 00803nam a2200217Ia 4500
001 CTU_123409
008 210402s9999 xx 000 0 und d
020 |c 139000 
082 |a 428.1 
082 |b K26 
100 |a Keen, Denis 
245 0 |a Developing vocabulary skills 
245 0 |c Denis Keen 
260 |a Boston, MA. 
260 |b Thomson/Heinle 
260 |c 1994 
520 |a The revised edition of this vocabulary text continues to teach students to analyze, understand, and remember vocabulary by developing word attack strategies. New readings, collaborative exercises, and contextualized activities enhance the text. 
650 |a English language,Vocabulary 
650 |x Textbooks for foreign speakers 
904 |i Minh 
980 |a Trung tâm Học liệu Trường Đại học Cần Thơ